Normal view
MARC view
- تاليف Sharif، M.M ؛ ترجمة وتقديم شلبي، احمد
Entry Personal Name
001 - CONTROL NUMBER
- control field: 35350
003 - CONTROL NUMBER IDENTIFIER
- control field: JO-AjAnu
005 - DATE AND TIME OF LATEST TRANSACTION
- control field: 20230606075919.0
008 - FIXED-LENGTH DATA ELEMENTS
- fixed length control field: 230606|| aca||aabn | a|a d
040 ## - CATALOGING SOURCE
- Original cataloging agency: JO-AjAnu
- Transcribing agency: JO-AjAnu
100 ## - HEADING--PERSONAL NAME
- Personal name: تاليف Sharif، M.M ؛ ترجمة وتقديم شلبي، احمد
670 ## - SOURCE DATA FOUND
- Source citation: Work cat.: (JO-AjAnu)18153: تاليف Sharif، M.M ؛ ترجمة وتقديم شلبي، احمد, author, موسوعة النظم والحضارة الاسلامية: الفكر الاسلامي منابغه واثاره، الجزء الثاني